Capitals of the World by coordinates - Statistics

General Stats
  • This quiz has been taken 8 times
  • The average score is 76 of 196
Answer Stats
Latitude Longitude Capital % Correct
9.06°N 7.49°E Abuja
75%
9.01°N 38.76°E Addis Ababa
75%
36.78°N 3.06°E Algiers
75%
13.83°S 171.75°E Apia
75%
37.98°N 23.72°E Athens
75%
33.32°N 44.39°E Baghdad
75%
12.65°N 7.99°W Bamako
75%
4.94°N 114.94°E Bandar Seri Begawan
75%
17.30°N 62.71°W Basseterre
75%
39.91°N 116.40°E Beijing
75%
52.52°N 13.41°E Berlin
75%
4.28°S 15.27°E Brazzaville
75%
14.00°N 61.00°W Castries
75%
55.67°N 12.57°E Copenhagen
75%
14.70°N 17.44°W Dakar
75%
6.17°S 35.75°E Dodoma
75%
53.34°N 6.27°W Dublin
75%
23.13°N 82.37°W Havana
75%
60.16°N 24.94°E Helsinki
75%
6.19°S 106.81°E Jakarta
75%
31.79°N 35.20°E Jerusalem
75%
1.94°S 30.06°E Kigali
75%
13.20°N 61.27°W Kingstown
75%
51.50°N 0.13°W London
75%
8.82°S 13.23°E Luanda
75%
29.30°S 27.49°E Maseru
75%
25.07°N 77.34°W Nassau
75%
28.64°N 77.23°E New-Delhi
75%
8.99°N 79.52°W Panama City
75%
48.86°N 2.35°E Paris
75%
10.66°N 61.48°W Port of Spain
75%
64.14°N 21.19°W Reykjavik
75%
15.30°N 61.39°W Roseau
75%
15.36°N 44.21°E Sana'a
75%
9.94°N 84.10°W San José
75%
59.44°N 24.75°E Tallinn
75%
41.70°N 44.79°E Tbilisi
75%
14.08°N 87.21°W Tegucigalpa
75%
35.71°N 51.44°E Tehran
75%
35.68°N 139.68°E Tokyo
75%
31.94°N 35.93°E Amman
50%
42.51°N 1.52°E Andorra la Vella
50%
40.38°N 49.89°E Baku
50%
4.36°N 18.59°E Bangui
50%
11.86°N 15.59°W Bissau
50%
13.09°N 59.61°W Bridgetown
50%
50.84°N 4.37°E Brussels
50%
30.06°N 31.23°E Cairo
50%
23.71°N 90.40°E Dhaka
50%
14.62°N 90.53°W Guatemala City
50%
34.52°N 69.20°E Kabul
50%
15.55°N 32.53°E Khartoum
50%
13.99°S 33.77°E Lilongwe
50%
26.19°N 50.54°E Manama
50%
19.43°N 99.13°W Mexico City
50%
53.97°N 27.58°E Minsk
50%
7.50°S 134.62°E Ngerulmud
50%
9.47°S 147.20°E Port Moresby
50%
14.92°N 23.52°W Praia
50%
41.90°N 12.48°E Rome
50%
18.48°N 69.89°W Santo Domingo
50%
43.86°N 18.42°E Sarajevo
50%
42.71°N 23.32°E Sofia
50%
27.44°N 89.67°E Thimphu
50%
41.33°N 19.82°E Tirana
50%
38.89°N 77.02°W Washington D.C.
50%
22.57°S 17.08°E Windhoek
50%
40.16°N 44.51°E Yerevan
50%
24.48°N 54.37°E Abu Dhabi
25%
5.54°N 0.21°W Accra
25%
52.37°N 4.89°E Amsterdam
25%
39.94°N 32.86°E Ankara
25%
18.92°S 47.52°E Antananarivo
25%
37.95°N 58.38°E Ashgabat
25%
15.33°N 38.92°E Asmara
25%
51.18°N 71.45°E Astana
25%
25.30°S 57.64°W Asunción
25%
13.76°N 100.50°E Bangkok
25%
13.44°N 16.68°W Banjul
25%
33.89°N 35.51°E Beirut
25%
44.80°N 20.48°E Belgrade
25%
17.25°N 88.77°W Belmopan
25%
46.95°N 7.45°E Bern
25%
42.87°N 74.60°E Bishkek
25%
4.65°N 74.10°W Bogota
25%
15.78°S 47.93°W Brasilia
25%
48.21°N 17.15°E Bratislava
25%
44.45°N 26.10°E Bucharest
25%
47.50°N 19.04°E Budapest
25%
34.61°S 58.42°W Buenos Aires
25%
35.28°S 149.13°E Canberra
25%
33.60°S/25.75°S/29.10°S 18.30°E/28.19°E/26.10°E Cape Town/Pretoria/Blomfontein
25%
10.50°S 66.90°W Caracas
25%
47.02°N 28.85°E Chisinau
25%
9.54°N 13.68°W Conakry
25%
33.52°N 36.29°E Damascus
25%
8.57°S 125.59°E Dili
25%
11.58°N 43.14°E Djibouti
25%
25.29°N 51.51°E Doha
25%
38.57°N 68.77°E Dushanbe
25%
8.47°N 13.27°W Freetown
25%
8.52°S 179.20°E Funafuti
25%
24.66°S 25.91°E Gaborone
25%
6.80°N 58.15°W Georgetown
25%
3.30°S 29.60°E Gitega
25%
21.03°N 105.84°E Hanoi
25%
17.82°S 31.05°E Harare
25%
9.43°S 159.95°E Honiara
25%
33.68°N 73.09°E Islamabad
25%
4.85°N 31.60°E Juba
25%
0.31°N 32.57°E Kampala
25%
21.71°N 85.32°E Kathmandu
25%
17.99°N 76.79°W Kingston
25%
4.34°S 15.33°E Kinshasa
25%
3.15°N 101.71°E Kuala Lumpur
25%
29.37°N 47.98°E Kuwait City
25%
50.44°N 30.54°E Kyiv
25%
0.39°N 9.45°E Libreville
25%
12.10°S 77.05°W Lima
25%
38.71°N 9.14°W Lisbon
25%
46.05°N 14.51°E Ljubljana
25%
6.12°N 1.23°E Lomé
25%
15.41°S 28.28°E Lusaka
25%
49.61°N 6.13°E Luxembourg
25%
40.42°N 3.70°W Madrid
25%
7.12°S 171.37°E Majuro
25%
3.75°N 8.77°E Malabo
25%
4.17°N 73.51°E Malé
25%
12.15°N 86.27°W Managua
25%
14.58°N 120.97°E Manila
25%
25.97°S 32.58°E Maputo
25%
26.32°S 31.14°E Mbabane
25%
2.04°N 45.34°E Mogadishu
25%
43.73°N 7.42°E Monaco
25%
6.31°N 10.80°W Monrovia
25%
34,89°S 56.07°W Montevideo
25%
11.70°S 43.24°E Moroni
25%
55.76°N 37.62°E Moscow
25%
23.61°N 58.59°E Muscat
25%
1.28°S 36.80°E Nairobi
25%
19.75°N 96.13°E Naypyidaw
25%
12.11°N 15.04°E N'Djamena
25%
13.52°N 2.12°E Niamey
25%
35.17 33.37°E Nicosia
25%
18.07°N 15.99°W Nouakchott
25%
21.14°S 175.22°E Nuku'alofa
25%
59.91°N 10.74°E Oslo
25%
45.42°N 75.70°W Ottawa
25%
12.36°N 1.54°W Ouagadougou
25%
6.92°S 158.19°E Palikir
25%
5.82°N 55.17°W Paramaribo
25%
11.54°N 104.90°E Phnom Penh
25%
42.46°N 19.26°E Podgorica
25%
18.54°N 72.33°W Port-au-Prince
25%
20.17°S 57.49°E Port Louis
25%
6.48°N/6.20°N 2.63°E/2.30°E Porto-Novo/Cotonou
25%
17.74°S 168.32°E Port Vila
25%
50.09°N 14.42°E Prague
25%
42.67°N 21.18°E Pristina
25%
39.02°N 125.75°E Pyongyang
25%
0.23°S 78.52°W Quito
25%
33.99°N 6.87°W Rabat
25%
56.95°N 24.10°E Riga
25%
24.67°N 46.70°E Riyadh
25%
12.05°N 61.75°W Saint George's
25%
17.12°N 61.85°W Saint John's
25%
43.94°N 12.46°E San Marino
25%
13.70°N 89.21°W San Salvador
25%
33.47°S 70.64°W Santiago de Chile
25%
0.34°N 6.73°E São Tomé
25%
37.51°N 126.98°E Seoul
25%
1.29°N 103.85°E Singapore
25%
42.00°N 21.44°E Skopje
25%
1.33°S 172.98°E South Tarawa
25%
6.55°N 79.55°E Sri Jayawardenepura Kotte
25%
59.33°N 18.06°E Stockholm
25%
19.04°S/16.52°S 65.26°W/68.24°W Sucre/La Paz
25%
18.14°S 178.44°E Suva
25%
25.03°N 121.56°E Taipei
25%
41.32°N 69.25°E Tashkent
25%
32.88°N 13.20°E Tripoli
25%
36.81°N 10.18°E Tunis
25%
47.91°N 106.92°E Ulaanbaatar
25%
47.14°N 9.52°E Vaduz
25%
35.90°N 14.52°E Valletta
25%
41.90°N 12.48°E Vatican City
25%
4.62°S 55.45°E Victoria
25%
48.21°N 16.37°E Vienna
25%
17.97°N 102.61°E Vientiane
25%
54.69°N 25.28°E Vilnius
25%
52.23°N 21.01°E Warsaw
25%
41.29°S 174.78°E Wellington
25%
6.81°N 5.27°W Yamoussoukro
25%
0.54°S 166.92°E Yaren
25%
3.86°N 11.52°E Yaundé
25%
45.82°N 15.98°E Zagreb
25%
No matching quizzes found
Score Distribution
Percent of People with Each Score
Percentile by Number Answered
Your Score History
You have not taken this quiz